Старите моряци (Запис номер 118420)
[ съкратено ]
| 000 -Лидер | |
|---|---|
| Контролно поле с фиксирана дължина | nam a22 a 4500 |
| 003 - Код на организацията, давaща контролен номер | |
| Контролно поле | BLK |
| 005 - Дата и час на последна редакция | |
| Контролно поле | 20221111135439.0 |
| 008 - Елементи от данни с фиксирана дължина | |
| fixed length control field | 180409b bul|||||r ||||||| ||bul|| |
| 040 ## - Източник на каталожния запис | |
| Идентификатор на билиотеката - собственик на записа | BLK |
| 041 ## - Код за език | |
| Код за езика на текст/звукозапис или на отделно заглавие | Български |
| Код за езика КДБФ | Български |
| 080 ## - УДК | |
| Текстов определител УДК | Бразилска литература |
| УДК код - определител по УДК | 821.134.3(81) |
| УДК определител | -32 |
| УДК - код + определител | 821.134.3(81)-32 |
| 100 1# - Редна дума - Автор | |
| Автор | Амаду, Жоржи |
| Авторска отговорност | първи автор |
| R(LIN) | 31032 |
| 139 ## - Редно поле | |
| Редна дума | Амаду, Жоржи |
| 245 10 - Сведения за заглавието | |
| Заглавие | Старите моряци |
| Подзаглавни данни | Две истории от пристанищните кейове на Баия : Повести |
| Редно поле (дума) | Жоржи Амаду; прев. от португ. Тодор Петров Ценков. |
| 250 ## - Област на изданието | |
| Сведения за изданието | 2. изд. |
| 257 ## - Страна на издаване | |
| Страна на създаване/издаване | Бразилия |
| 260 ## - Област на издателските данни | |
| Място на издаване, разпространение и проч. | Варна |
| Име на издателя, разпространителя и проч. | Георги Бакалов |
| Година на издаване | 1978 |
| 300 ## - Физическа характеристика | |
| Страници | 296 с. |
| Размери/Мащаб | 20 см |
| 380 ## - Жанр | |
| Жанр | Худож. лит. |
| 490 1# - СЕРИИ (Колекции) | |
| Име на серия | Библиотека Океан |
| №: серия | 9 |
| 500 ## - Общи забележки | |
| Забележка | Ориг. загл. Os velhos marinheiros. - 1. изд. 1972. |
| 700 1# - Други автори (авторска отговорност) | |
| Лично име | Ценков, Тодор Петров |
| Автороска отговорност (Описва отношението между автора и произведението) | прев. от португ. |
| 9 (RLIN) | 315626 |
| 852 ## - Местоположение | |
| Форматна сигнатура | Цб 93443 |
| Фондова буква | Хранилище |
| 999 ## - СИСТЕМНИ КОНТРОЛНИ НОМЕРА | |
| Koha biblionumber | 118420 |
| Koha biblioitemnumber | 118420 |
| 942 ## - АРТИКУЛИ | |
| Вид на библиотечния материал | Книги |
| Скрит в OPAC | Не |
| Koha issues (borrowed), all copies | 1 |
| Периодичен библиозапис | Да |
| 944 ## - СЪЗДАВАНЕ И РЕДАКЦИЯ на ЗАПИСА | |
| Създаване/Редакция | Създаване |
| Дата на регистрацията/редакция | 29.06.2011 |
| Статус, дата на статуса | 29.06.2011 - от С1,Р / 29.06.2011 |
| Служител, извършил регистрацията/редакцията | Виолета_Тройчева |
| 944 ## - СЪЗДАВАНЕ И РЕДАКЦИЯ на ЗАПИСА | |
| Създаване/Редакция | Редакция |
| Дата на регистрацията/редакция | 2022-11-11 |
| Код за отписване | Код за изгубен артикул | Източник на класификационната схема | Код за повреда | Коз за рестрикции | Код за отдаване | Артикулен № | Име на библиотеката - собственик | Име на библиотеката, в която се намира в момента | Статус (Текущо местоположение) | Дата на вписване в системата | Местоположение - отдел | Цена в лева | Инвентарен номер | Систематично азбучна сигнатура | Баркод | Номер на екземпляра | Цена в евро | Служебна бележка | Служебен тип на артикула |
|---|---|---|---|---|---|---|---|---|---|---|---|---|---|---|---|---|---|---|---|
| Не е изгубен | Universal Decimal Classification | Не е повреден | без рестрикции | ползва се в читалня | 190784 | Регионална библиотека "Любен Каравелов" Русе | Регионална библиотека "Любен Каравелов" Русе | Хранилище | 1978-01-01 | Хранилище | 1.09 | 262608 | Цб 93443 | 120000262606 | 1 | 0.56 | Дост: Dp Вид: Д N: стар фонд Дата: 01.01.1978 | Книги | |
| Изтеглен | Не е изгубен | Universal Decimal Classification | Не е повреден | без рестрикции | заемане за дома | 190785 | Регионална библиотека "Любен Каравелов" Русе | Регионална библиотека "Любен Каравелов" Русе | Заемна - подръчен фонд | 1978-01-01 | Заемна - подръчен фонд | 1.09 | 263074 | П 869.0-31/А 60 | 263074 | 2 | 0.56 | Дост: Pk Вид: Ф N: стар фонд Дата: 01.01.1978 Дата инв: 09.02.2018 Бележки инв: П2018 | Книги |
| Изтеглен | Не е изгубен | Universal Decimal Classification | Не е повреден | без рестрикции | заемане за дома | 190786 | Регионална библиотека "Любен Каравелов" Русе | Регионална библиотека "Любен Каравелов" Русе | Заемна - подръчен фонд | 1978-01-01 | Заемна - подръчен фонд | 1.09 | 263076 | П 869.0-31/А 60 | 263076 | 3 | 0.56 | Дост: Pk Вид: Ф N: стар фонд Дата: 01.01.1978 | Книги |
| Изтеглен | Не е изгубен | Universal Decimal Classification | Не е повреден | без рестрикции | заемане за дома | 190787 | Регионална библиотека "Любен Каравелов" Русе | Регионална библиотека "Любен Каравелов" Русе | Заемна - подръчен фонд | 1978-01-01 | Заемна - подръчен фонд | 3.00 | 661444 | П 869.0-31/А 60 | 661444 | 4 | 1.53 | Дост: Pk Вид: Ф N: стар фонд Дата: 01.01.1978 Дата инв: 09.02.2018 Бележки инв: П2018 | Книги |